Couleurs des anneaux olympiques - Statistiques

Statistiques générales
  • Ce quiz a été pris 93 fois
    81 depuis la dernière actualisation
  • Le résultat moyen est 5 sur 5
Statistiques - réponses
Couleur Continent % Correct
. Europe
97%
. Asie
96%
. Afrique
93%
. Amérique
93%
. Océanie
92%
Aucun quiz correspondant
Distribution des résultats
% des personnes avec chaque résultat
Percentile par nombre de réponses
Votre historique - résultats
Vous n’avez pas pris ce quiz depuis la dernière actualisation